|
|
|
|
| LEADER |
01420nam a2200373 a 4500 |
| 001 |
EBC144728 |
| 003 |
MiAaPQ |
| 005 |
20200520144314.0 |
| 006 |
m o d | |
| 007 |
cr cn||||||||| |
| 008 |
981102s2000 nyuab sb 001 0 eng |
| 010 |
|
|
|z 98043861
|
| 020 |
|
|
|z 0521441978 hb
|
| 035 |
|
|
|a (MiAaPQ)EBC144728
|
| 035 |
|
|
|a (Au-PeEL)EBL144728
|
| 035 |
|
|
|a (CaPaEBR)ebr5007855
|
| 035 |
|
|
|a (OCoLC)437072981
|
| 040 |
|
|
|a MiAaPQ
|c MiAaPQ
|d MiAaPQ
|
| 050 |
|
4 |
|a HG1206.5
|b .P36 2000
|
| 082 |
0 |
4 |
|a 332.4/956
|2 21
|
| 100 |
1 |
|
|a Pamuk, Sevket.
|
| 245 |
1 |
2 |
|a A monetary history of the Ottoman Empire
|h [electronic resource] /
|c Sevket Pamuk.
|
| 260 |
|
|
|a New York :
|b Cambridge University Press,
|c 2000.
|
| 300 |
|
|
|a xxvi, 276 p. :
|b ill., maps.
|
| 490 |
1 |
|
|a Cambridge studies in Islamic civilization
|
| 504 |
|
|
|a Includes bibliographical references (p. 243-269) and index.
|
| 533 |
|
|
|a Electronic reproduction. Ann Arbor, MI : ProQuest, 2015. Available via World Wide Web. Access may be limited to ProQuest affiliated libraries.
|
| 650 |
|
0 |
|a Monetary policy
|z Turkey
|x History.
|
| 650 |
|
0 |
|a Coinage
|z Turkey
|x History.
|
| 651 |
|
0 |
|a Turkey
|x History
|y Ottoman Empire, 1288-1918.
|
| 655 |
|
4 |
|a Electronic books.
|
| 710 |
2 |
|
|a ProQuest (Firm)
|
| 830 |
|
0 |
|a Cambridge studies in Islamic civilization.
|
| 856 |
4 |
0 |
|u https://ebookcentral.proquest.com/lib/matrademy/detail.action?docID=144728
|z Click to View
|